000 00765nac a22002417a 4500
001 BR8806466
003 BR-BrBNA
005 20240105120851.0
008 230509b bl.|||m| |||| 00| 0 por d
040 _aBR-BrBNA
_bpor
_cBiblioteca Nacional de Agricultura
072 _aC10
090 _aC10 BR8806466
110 1 _aFundacao Universidade de Brasilia, DF (Brasil)
_95034
245 1 _aRelatorio geral de atividades 1982 [Fundacao Universidade de Brasilia]
260 3 _aBrasilia, DF (Brasil):
_c1983.
300 _av. 1-2
490 _aRelatorio - Fundacao Universidade de Brasilia (Brazil)
_v
_x
650 _aENSINO SUPERIOR
650 _aUNIVERSIDADE
650 _aBRASILIA
909 _a202312
_bLúcia Elande
_c55
_dLúcia Elande
942 _2AGRIS
_n0
_cMS
999 _c281885
_d281885